000
00312 a2200145 4500
001
48637
040
_c
Anchieta - Bela Vista
100
_a
Beatriz, Elza
240
1
0
_a
Pare no p da poesia
_l
por
245
1
0
_a
Pare no p da poesia
300
_a
38
362
0
_a
2013
650
4
_a
Literatura juvenil
942
_c
BK
999
_c
48637
_d
48637